Management in Malaysia : A basic text on general management with local reference to managing a Malaysian business

Bibliographic Details
Format: Book
Published: Kuala Lumpur : Institut Pengurusan Malaysia , 1999
Subjects:

MARC

LEADER 00000cam a2200000 7i4500
001 0000006611
005 20050506.0
020 |a 9839065068 
040 |a INS 
090 0 0 |a HD31   |b M2662 1999 
245 0 0 |a Management in Malaysia :   |b A basic text on general management with local reference to managing a Malaysian business 
260 |a Kuala Lumpur :   |b Institut Pengurusan Malaysia ,   |c 1999 
300 |a 378 p. ;   |c 26 cm. 
650 0 0 |a Industrial management   |z Malaysia 
650 0 0 |a Manageemnt   |z Malaysia 
999 |a 0000007607   |b BOOK   |c Open Shelf   |e Default branch 
999 |a 0000022404   |b BOOK   |c Open Shelf   |e Default branch